00511nam a2200145Ia 4500008004100000020001800041082002100059100002900080245009800109250001000207260002200217300001100239500008500250650003000335120622s9999 xx 000 0 und d a968-409-596-1 a650.1 V431a 1992 aVéjar Valdés, Carlos aEl ABC de los negocios : experiencias, relatos, pensamientos y tips / Carlos Véjar Valdés a2a ed aMéxico : EDAMEX a183 p. a"Reglamento y tablero del juego El ABC de los negocios" \ Incluye bibliografía a1. NEGOCIOS \ 2. EXITOÌ